01056nam a2200205Ia 4500008004100000020000800041041001200049082001100061100001400072245009200086250000900178260003200187300000800219650000800227942000700235999001500242952019700257952019800454952019800652221030s9999 xx 000 0 und d a275 aEnglish a105.23 aH. C. Rai 0aIndustrial & Power ElectronicsbDevices, Circuits, Systems & Applicationscby H. C. Rai a10th bUmesh Pub.aNew Delhic2009 a580 aECE cBK c8996d8996 pBE 10714g275.00i164l0o105.23 eDurga Books, Amritsarr2024-06-13 00:00:00w2022-10-30yBK003Print4070aMIETLIBbMIETLIBcBL-Academic Block B, FL-1, CUP-75, SH-3, R-3d2010-03-1510HBE pBE 10715g275.00i164l0o105.23 eDurga Books, Amritsarr2024-06-13 00:00:00w2022-10-30yBK003Print4070aMIETLIBbMIETLIBcBL-Academic Block A, FL-1, CUP-121, SH-2, R-2d2010-03-1510HBE pBE 10716g275.00i164l0o105.23 eDurga Books, Amritsarr2024-06-13 00:00:00w2022-10-30yBK003Print4070aMIETLIBbMIETLIBcBL-Academic Block A, FL-1, CUP-121, SH-2, R-2d2010-03-1510HBE